| 000 | 00580nam a22002177a 4500 | ||
|---|---|---|---|
| 003 | mut | ||
| 005 | 20240606081213.0 | ||
| 008 | 170920b xxu||||| |||| 00| 0 eng d | ||
| 020 | _a0131463047 | ||
| 040 | _cmut | ||
| 050 |
_aHF5415.32 _b.S35 2006 |
||
| 100 | _aSchiffman, Leon G. | ||
| 245 | _aConsumer behaviour | ||
| 250 | _aCanadian ed. | ||
| 260 |
_aToronto _bPearson/ Prentice _cc2006 |
||
| 650 |
_aConsumer behaviour _vTextbooks |
||
| 650 |
_aMotivation research (Marketing) _vTextbooks |
||
| 700 | _aKanuk, Laslie Lazar | ||
| 700 | _aDas, Mallika | ||
| 942 |
_2lcc _cBK |
||
| 999 |
_c11985 _d11985 |
||